000 00862nam a2200253Ia 4500
008 160319s9999 xx 000 0 und d
245 4 _aThe prince of Egypt /
245 _cDreamWorks Pictures presents ; directed by Brenda Chapman, Steve Hickner, Simon Wells ; produced by Penney Finkelman Cox, Sandra Rabins ; writer, Philip LaZebnik.
260 _bMagnavision.
260 _c1998
300 _a1 digital video disc (approximately 74 min.) :
300 _bsound, colored ; 
300 _c4 3/4 in.
650 _aBible. O.T. Exodus --
650 _aBrothers --
650 _aEgypt -- History -- Nineteenth dynasty, ca. 1320-1200 B.C. --
650 _aMoses (Biblical leader) --
650 _aRamses II, King of Egypt --
650 _xDrama 
650 _xDrama.
650 _xDrama.
650 _xDrama.
650 _xDrama. 
999 _c292809
_d292809